|
|
|
|
| LEADER |
00000cam a22000004a 4500 |
| 001 |
musev2_73094 |
| 003 |
MdBmJHUP |
| 005 |
20230905051532.0 |
| 006 |
m o d |
| 007 |
cr||||||||nn|n |
| 008 |
190624t20202020nyu o 00 0 eng d |
| 010 |
|
|
|z 2019026550
|
| 020 |
|
|
|a 9781501748233
|
| 020 |
|
|
|z 9781501748219
|
| 020 |
|
|
|z 9781501748226
|
| 035 |
|
|
|a (OCoLC)1107068945
|
| 040 |
|
|
|a MdBmJHUP
|c MdBmJHUP
|
| 100 |
1 |
|
|a Hawkins, Michael
|q (Michael C.),
|e author.
|
| 245 |
1 |
0 |
|a Semi-Civilized :
|b The Moro Village at the Louisiana Purchase Exposition /
|c Michael C. Hawkins.
|
| 264 |
|
1 |
|a Ithaca :
|b Northern Illinois University Press, an imprint of Cornell University Press,
|c 2020.
|
| 264 |
|
3 |
|a Baltimore, Md. :
|b Project MUSE,
|c 2020
|
| 264 |
|
4 |
|c ©2020.
|
| 300 |
|
|
|a 1 online resource (156 pages).
|
| 336 |
|
|
|a text
|b txt
|2 rdacontent
|
| 337 |
|
|
|a computer
|b c
|2 rdamedia
|
| 338 |
|
|
|a online resource
|b cr
|2 rdacarrier
|
| 490 |
0 |
|
|a NIU Southeast Asian series
|
| 505 |
0 |
|
|a Introduction : the complicated and collaborative art of colonial display -- Sensational savages -- Nostalgia and the familiar savage -- Measuring Moros -- Conclusion : the paradox of preservation and performative extinction.
|
| 520 |
|
|
|a "This book explores the experiences of Filipino Muslims put on display at the Louisiana Purchase Exposition at the 1904 World's Fair"--
|c Provided by publisher
|
| 588 |
|
|
|a Description based on print version record.
|
| 650 |
|
7 |
|a Imperialism in popular culture.
|2 fast
|0 (OCoLC)fst01903570
|
| 650 |
|
7 |
|a Human zoos.
|2 fast
|0 (OCoLC)fst01739376
|
| 650 |
|
7 |
|a HISTORY
|z Asia
|x General.
|2 bisacsh
|
| 650 |
|
6 |
|a Imperialisme dans la culture populaire
|z Missouri
|z Saint Louis
|x Histoire
|y 20e siecle.
|
| 650 |
|
6 |
|a Exhibitions ethnologiques
|z Missouri
|z Saint Louis
|x Histoire
|y 20e siecle.
|
| 650 |
|
6 |
|a Ethnologie
|z Philippines
|x Expositions
|x Histoire
|y 20e siecle.
|
| 650 |
|
6 |
|a Moro (Peuple des Philippines)
|x Expositions
|x Histoire
|y 20e siecle.
|
| 650 |
|
0 |
|a Imperialism in popular culture
|z Missouri
|z Saint Louis
|x History
|y 20th century.
|
| 650 |
|
0 |
|a Human zoos
|z Missouri
|z Saint Louis
|x History
|y 20th century.
|
| 650 |
|
0 |
|a Ethnology
|z Philippines
|x Exhibitions
|x History
|y 20th century.
|
| 650 |
|
0 |
|a Muslims
|z Philippines
|x Exhibitions
|x History
|y 20th century.
|
| 651 |
|
7 |
|a Philippines.
|2 fast
|0 (OCoLC)fst01205261
|
| 651 |
|
7 |
|a Missouri
|z Saint Louis.
|2 fast
|0 (OCoLC)fst01204930
|
| 655 |
|
7 |
|a History.
|2 fast
|0 (OCoLC)fst01411628
|
| 655 |
|
7 |
|a Electronic books.
|2 local
|
| 710 |
2 |
|
|a Project Muse.
|e distributor
|
| 830 |
|
0 |
|a Book collections on Project MUSE.
|
| 856 |
4 |
0 |
|z Texto completo
|u https://projectmuse.uam.elogim.com/book/73094/
|
| 945 |
|
|
|a Project MUSE - Custom Collection
|
| 945 |
|
|
|a Project MUSE - 2020 Complete
|
| 945 |
|
|
|a Project MUSE - 2020 US Regional Studies, Midwest
|
| 945 |
|
|
|a Project MUSE - 2020 Asian and Pacific Studies
|